000 00209 a2200109 4500
020 _a9780399250651
041 _aspa
100 _aCarle, Eric
245 _aLa araą muy ocupada
942 _cBK
952 _71
999 _c16879
_d16879